000 00693cam a22002413a 4500
001 3918
003 PGUSA
005 20140828083040.0
008 041030s2004||||xxu|||||s|||||000 1 eng d
040 _aPGUSA
_beng
042 _adc
050 4 _aPQ
100 1 _aOhnet, Georges,
_d1848-1918
245 1 0 _aSerge Panine — Complete
_h[electronic resource] /
_cGeorges Ohnet
260 _bProject Gutenberg,
_c2004
506 _aPublic domain in the USA.
516 _aElectronic text
653 _aFrench fiction -- Translations into English
653 _aParis (France) -- Fiction
830 0 _aProject Gutenberg
_v3918
856 4 0 _uhttp://www.gutenberg.org/ebooks/3918
942 _cEB
999 _c233247
_d233247